Schleswig-Holstein Wappen der Landkreise - Statistiken

Allgemein
  • Dieses Quiz wurde 11 mal gespielt
  • Das Durchschnittsergebnis liegt bei 12 aus 15
Antwortstatistiken
Bildquiz Antwort % Korrekt
Kiel
100%
Kreis Nordfriesland
100%
Flensburg
83%
Kreis Dithmarschen
83%
Kreis Herzogtum Lauenburg
83%
Kreis Pinneberg
83%
Kreis Plön
83%
Kreis Rendsburg-Eckernförde
83%
Kreis Steinburg
83%
Kreis Stormarn
83%
Lübeck
83%
Kreis Ostholstein
67%
Kreis Schleswig-Flensburg
67%
Kreis Segeberg
67%
Neumünster
67%
Keine übereinstimmenden Quizze gefunden
Verteilung der Resultate
Anzahl Personen mit jedem Resultat
Perzentil nach korrekt beantworteten Fragen
Ihre Resultats-Entwicklung
Sie haben dieses Quiz noch nicht gespielt